Szakmai gyakorlatom a La Porta Budapest Kft.-nél

Bibliográfiai részletek
Szerző: Papp Klaudia Krisztina
További közreműködők: Buday-Sántha Dr. Andrea
Dokumentumtípus: Záródolgozat
Kulcsszavak:Ügyfélszolgálat
SWOT-analízis
Fogászati klinika
Egészségügy
Szakmai gyakorlat
La Porta Budapest Kft.
Online Access:http://dolgozattar.uni-bge.hu/18719

MARC

LEADER 00000nta a2200000 i 4500
001 dolg18719
005 20200331044647.0
008 181203suuuu hu o 000 hun d
040 |a BGE Dolgozattár Repozitórium  |b hun 
041 |a hu 
100 1 |a Papp Klaudia Krisztina 
245 1 0 |a Szakmai gyakorlatom a La Porta Budapest Kft.-nél  |c Papp Klaudia Krisztina  |h [elektronikus dokumentum] 
246 1 1 |a Szakmai gyakorlatom a La Porta Budapest Kft.-nél 
516 |a Final_paper 
695 |a Ügyfélszolgálat 
695 |a SWOT-analízis 
695 |a Fogászati klinika 
695 |a Egészségügy 
695 |a Szakmai gyakorlat 
695 |a La Porta Budapest Kft. 
700 1 |a Buday-Sántha Dr. Andrea  |e ths 
856 4 0 |u http://dolgozattar.uni-bge.hu/18719/1/Szakmai%20gyakorlatom%20a%20La%20Porta%20Budapest%20Kft-n%C3%A9l_Pdf.pdf  |z Dokumentum-elérés